| 000 | 01322cam a2200361 i 4500 | ||
|---|---|---|---|
| 001 | 20978979 | ||
| 003 | OSt | ||
| 005 | 20241028212541.0 | ||
| 008 | 190518m20189999gh a b 000 0 eng | ||
| 010 | _a 2019351198 | ||
| 020 |
_a9789988246181 _q(volume 1) |
||
| 040 |
_aDLC _beng _erda _cDLC _dDLC |
||
| 042 |
_apcc _alcode |
||
| 043 | _af-gh--- | ||
| 050 | 0 | 0 |
_aKRX78.B87 _bA34 2018 |
| 100 | 1 |
_aAdjei-Mensah, K. _q(Kwadwo), _eauthor. |
|
| 245 | 1 | 0 |
_aPrinciples of business law / _cK. Adjei-Mensah. |
| 250 | _aRevised edition. | ||
| 264 | 1 |
_a[Accra?] : _bHis Grace Publications, _c2018- |
|
| 300 |
_axii, 441 pages, vol. 1 : _billustrations ; _c24 cm |
||
| 336 |
_atext _btxt _2rdacontent |
||
| 337 |
_aunmediated _bn _2rdamedia |
||
| 338 |
_avolume _bnc _2rdacarrier |
||
| 500 | _aThis revised edition also referred to as sixth edition on title page verso. | ||
| 504 | _aIncludes bibliographical references. | ||
| 588 | _aTo be complete in 2 volumes. | ||
| 600 | _2Business Law | ||
| 650 | 0 |
_aCommercial law _zGhana. |
|
| 906 |
_a7 _bcbc _corigcop _d2 _encip _f20 _gy-gencatlg |
||
| 942 |
_2lcc _cBK _n0 |
||
| 999 |
_c330 _d330 |
||